V1 : Circuits à éléments localisés V2 : Les lignes de transmission. Circuits à éléments répartis V3 : Les générateurs d'impulsions V4 : Les générateurs spéciaux V5 : Les circuits transmetteurs d'impulsions V6 Lignes couplées en régime transitoire : fasc1 : couplages et parasitages entre lignes fasc2 : couplages et transformateurs à lignes (Record no. 13401)

MARC details
000 -LEADER
fixed length control field 01005 a2200301 4500
035 ## - SYSTEM CONTROL NUMBER
System control number 3091
035 ## - SYSTEM CONTROL NUMBER
System control number 3092
035 ## - SYSTEM CONTROL NUMBER
System control number 3093
035 ## - SYSTEM CONTROL NUMBER
System control number 3094
035 ## - SYSTEM CONTROL NUMBER
System control number 3095
035 ## - SYSTEM CONTROL NUMBER
System control number 4004
035 ## - SYSTEM CONTROL NUMBER
System control number 4362
130 ## - VEDETTE PRINCIPALE - TITRE UNIFORME
Language of a work Fr.
260 ## - PUBLICATION, DISTRIBUTION, ETC. (IMPRINT)
Place of publication, distribution, etc Paris
260 ## - PUBLICATION, DISTRIBUTION, ETC. (IMPRINT)
Name of publisher, distributor, etc Masson
245 ## - TITLE STATEMENT
Title V1 : Circuits à éléments localisés V2 : Les lignes de transmission. Circuits à éléments répartis V3 : Les générateurs d'impulsions V4 : Les générateurs spéciaux V5 : Les circuits transmetteurs d'impulsions V6 Lignes couplées en régime transitoire : fasc1 : couplages et parasitages entre lignes fasc2 : couplages et transformateurs à lignes
260 ## - PUBLICATION, DISTRIBUTION, ETC. (IMPRINT)
Date of publication, distribution, etc 1975
300 ## - PHYSICAL DESCRIPTION
Extent 5v
300 ## - PHYSICAL DESCRIPTION
Other physical details 24 cm
440 ## - SERIES STATEMENT/ADDED ENTRY--TITLE
Title Electronique des impulsions
440 ## - SERIES STATEMENT/ADDED ENTRY--TITLE
Title (Les Techniques de base de l'informatique)
500 ## - GENERAL NOTE
General note Comprend des index
650 ## - SUBJECT ADDED ENTRY--TOPICAL TERM
Topical term or geographic name as entry element <Circuits d'impulsions>
700 ## - ADDED ENTRY--PERSONAL NAME
Personal name METZGER, Georges
700 ## - ADDED ENTRY--PERSONAL NAME
Personal name VABRE, Jean Paul
Holdings
Withdrawn status Lost status Damaged status Not for loan Location (home branch) Sublocation or collection (holding branch) Date acquired Source of acquisition Koha issues (times borrowed) Koha full call number Piece designation (barcode) Koha date last seen Price effective from Koha item type
        Bibliothèque Ecole Polytechnique d'Abomey-Calavi Bibliothèque Ecole Polytechnique d'Abomey-Calavi 27/02/2009 EPAC   621.381534/M596e 21828EPAC 27/02/2009 27/02/2009 Livre


© 2008, Bibliothèques de l'Université d'Abomey-Calavi

04 BP 789 Cotonou, Tél. : +229 21 36 01 01, Fax : +229 21 35 06 32

Courriel : bu@bu.uac.bj